| 000 | 00420 a2200157 4500 | ||
|---|---|---|---|
| 001 | 144421 | ||
| 040 | _cLeonardo Da Vinci | ||
| 041 | _aPortuguês | ||
| 082 |
_a371.02 F128r _bF128r |
||
| 100 | _aFACULDADE INSTITUTO PAULISTA DE ENSINO | ||
| 245 |
_aRegimento interno _bInstituto Paulista de Ensino |
||
| 260 |
_c2012 _aOsasco |
||
| 362 | _a20120000 | ||
| 697 |
_aRegimento interno _aRegulamentos _aFIPEN |
||
| 942 | _cBK | ||
| 999 |
_c144421 _d144421 |
||